Statistics for Central American Capitals On A Map

Click here to take the quiz!

General Stats

  • This quiz has been taken 269 times
  • The average score is 5 of 7

Answers on the Map

Answers color-coded by a green-red scale on the quiz's map according to % correct below.
Loading ...
 

Answer Stats

CapitalCountry% Correct
Panama CityPanama
94%
San SalvadorEl Salvador
86%
Guatemala CityGuatemala
86%
San JoseCosta Rica
75%
BelmopanBelize
60%
ManaguaNicaragua
59%
TegucigalpaHonduras
52%

Score Distribution

Percentile by Number Answered

Percent of People with Each Score

Your Score History

You have not taken this quiz